| 000 | 01367cam a2200301 i 4500 | ||
|---|---|---|---|
| 003 | SA-RiAUC | ||
| 005 | 20241015064550.0 | ||
| 008 | 241013s2016____su g f100 0bara c | ||
| 020 | _z97860381289 | ||
| 024 | 0 | _a11000000005485 | |
| 040 |
_aDZ-AlALGU _bara _cSA-RiAUC _erda |
||
| 082 | 0 | 4 |
_a928.1 _qSA-RiAUC |
| 090 |
_a928.1 _bل ق ا |
||
| 111 | 2 |
_aاللقاء العلمي عن الأديب الشيخ عبد الله بن خميس _d( 1435 هجري : _cالرياض) |
|
| 245 | 1 | 2 |
_aالسجل التوثيقي للقاء العلمي عن الأديب الشيخ عبد الله بن خميس / _cدارة الملك عبد العزيز. |
| 250 | _aالطبعة الأولى. | ||
| 264 | 1 |
_aالرياض : _bدارة الملك عبد العزيز، _c[2016] |
|
| 300 |
_a366 صفحة ؛ _c24 سم. |
||
| 336 |
_aنص _btxt _2rdacontent _3كتاب |
||
| 337 |
_aبدون وسيط _bn _2rdamedia |
||
| 338 |
_aمجلد _bnc _2rdacarrier |
||
| 490 | 0 |
_aإصدارات دارة الملك عبد العزيز ؛ _v332 |
|
| 600 | 1 | 7 |
_aابن خميس، عبد الله بن محمد بن راشد، _d1339 هجري- _vمؤتمرات _2aucnm |
| 650 | 7 |
_aالأدباء السعوديون _vتراجم _vمؤتمرات _2aucsh |
|
| 710 | 2 |
_aدارة الملك عبد العزيز _eمنظم. |
|
| 942 |
_2ddc _cBOOK _n0 |
||
| 949 |
_aSA-JeALM _d241013 _umohamedma123 _n1 |
||
| 999 |
_c1323 _d1323 |
||